000 00808nam a2200229Ia 4500
003 GCL
008 140319s9999 xx 000 0 ara d
040 _aGCL /
_cGCL
082 0 4 _aط
_b372.218
_bب ك
100 1 _aبوناتى غرازينا
245 1 0 _aنهج من طفل الى طفل في التربية الصحية :
_bكتاب التدريب والتقييم /
_cبوناتى غرازينا
250 _aالاولى
260 _aبيروت :
_bورشة الموارد العربية ،
_c1994
300 _a150 ص ؛
_c30 سم
650 0 4 _aالاطفال
650 0 4 _aتعليم الاطفال
650 0 4 _aالاطفال - نمو
650 0 4 _aالاطفال - تغذية
650 0 4 _aالاطفال - رعاية
650 0 4 _aالاطفال المعوقون
942 _2ddc
_cBK
999 _c6459
_d6459